Matice a systémy lineárnych rovníc a ich ekonomické aplikácie bakalárska práca

Gespeichert in:
Bibliographische Detailangaben
1. Verfasser: Kováčová, Lenka
Körperschaft: Fakulta hospodárskej informatiky EU. Katedra matematiky
Weitere Verfasser: Sakálová, Katarína, 1955-
Format: Buch
Sprache:Slowakisch
Veröffentlicht: Bratislava 2010
Tags: Tag hinzufügen
Keine Tags, Fügen Sie das erste Tag hinzu!

MARC

LEADER 00000nam$a2200000$$$4500
001 0129342
005 20240320073646.7
041 0 |a slo 
044 |a SK 
245 1 0 |a Matice a systémy lineárnych rovníc a ich ekonomické aplikácie  |b bakalárska práca  |c Lenka Kováčová ; školiteľ: Katarína Sakálová 
264 1 |a Bratislava  |c 2010 
300 |a 45 s. 
100 1 |a Kováčová, Lenka 
700 1 |a Sakálová, Katarína, 1955- 
710 2 |a Fakulta hospodárskej informatiky EU. Katedra matematiky